| Tag |
First Indicator |
Second Indicator |
Subfields |
| LEADER |
00000cam a2200000 a 4500 |
| 001 |
in00000634591 |
| 005 |
20151015052801.0 |
| 008 |
800805s1980 ilua b 10000 engmd |
| 020 |
|
|
|c $60.00
|
| 035 |
|
|
|a (OCoLC)06588686
|
| 035 |
|
|
|9 ACU2961AM
|
| 040 |
|
|
|a BKM
|c BKM
|d m.c.
|d TXA
|d UtOrBLW
|
| 049 |
|
|
|a TXAM
|c [984736]
|
| 090 |
|
|
|a TP360
|b .E53 1980
|
| 245 |
0 |
0 |
|a Energy from biomass and wastes IV :
|b symposium papers presented January 21-25, 1980, Lake Buena Vista, Florida /
|c symposium chairman, Donald L. Klass ; symposium director, John W. Weatherly III ; sponsored by Institute of Gas Technology.
|
| 264 |
|
1 |
|a Chicago :
|b The Institute,
|c [1980]
|
| 264 |
|
4 |
|c ©1980
|
| 300 |
|
|
|a x, 834 pages :
|b illustrations ;
|c 23 cm.
|
| 336 |
|
|
|a text
|b txt
|2 rdacontent
|
| 337 |
|
|
|a unmediated
|b n
|2 rdamedia
|
| 338 |
|
|
|a volume
|b nc
|2 rdacarrier
|
| 504 |
|
|
|a Includes bibliographies.
|
| 650 |
|
0 |
|a Biomass energy
|v Congresses.
|
| 650 |
|
0 |
|a Refuse as fuel
|v Congresses.
|
| 700 |
1 |
|
|a Klass, Donald L.
|
| 710 |
2 |
|
|a Institute of Gas Technology.
|
| 999 |
|
|
|a MARS
|
| 999 |
f |
f |
|s e344ec1e-ba0d-3cd4-819b-bfa41a46d696
|i d2e8c140-e715-3026-b601-284802fd7163
|t 0
|
| 952 |
f |
f |
|p ric
|a Texas A&M University
|b Rellis Campus
|c Joint Library Facility
|d Remote Storage
|t 0
|e TP360 .E53 1980
|h Library of Congress classification
|i unmediated -- volume
|m A14805606646
|
| 998 |
f |
f |
|a TP360 .E53 1980
|t 0
|l Remote Storage
|